[Event "AUTO-MASTER-1048"]
[Site "http://www.queenalice.com/game.php?id=734401"]
[Date "2010.2.19"]
[Round "1"]
[White "anderson_amorim89"]
[Black "dimis283"]
[Result "1/2-1/2"]
[WhiteElo "2118"]
[BlackElo "2113"]

1. e4 e6 2. d4 d5 3. exd5 exd5 4. Bd3 Nf6 5. Ne2 Bg4 6. Bg5 Be7 7. Nbc3 O-O 8.
f3 Bh5 9. O-O Bg6 10. Nf4 Bxd3 11. Qxd3 c6 12. Rfe1 Re8 13. Re2 Qd6 14. Rae1
Nbd7 15. Re3 h6 16. Bxf6 Nxf6 17. Nh3 Bf8 18. Re5 Qc7 19. Nf2 Bd6 20. Rxe8+ Rxe8
21. Rxe8+ Nxe8 1/2-1/2

[Event "Challenge #03"]
[Site "http://www.queenalice.com/game.php?id=750262"]
[Date "2010.3.23"]
[Round "-"]
[White "Aylton"]
[Black "dimis283"]
[Result "0-1"]
[WhiteElo "1861"]
[BlackElo "2143"]

1. f4 g6 2. Nf3 Bg7 3. e4 c5 4. d3 Nc6 5. Be2 d6 6. O-O e6 7. a3 Nge7 8. h3 O-O
9. Qe1 f5 10. Nc3 e5 11. fxe5 Nxe5 12. Nxe5 Bxe5 13. exf5 Nxf5 14. Bd2 Nd4 15.
Rc1 Bd7 16. Rxf8+ Qxf8 17. Qf2 Qxf2+ 18. Kxf2 Rf8+ 19. Ke1 Bg3+ 20. Kd1 Rf2 21.
Be3 Rxg2 22. Bxd4 cxd4 23. Ne4 Bf4 24. Nd2 Rg1+ 25. Nf1 Bxc1 26. Kxc1 Bxh3 0-1

[Event "Challenge #04"]
[Site "http://www.queenalice.com/game.php?id=750263"]
[Date "2010.3.23"]
[Round "-"]
[White "dimis283"]
[Black "Aylton"]
[Result "1-0"]
[WhiteElo "2132"]
[BlackElo "1890"]

1. c4 e5 2. Nc3 Nc6 3. Nf3 d6 4. g3 f5 5. d3 Nf6 6. Bg2 Bd7 7. O-O Be7 8. Rb1
O-O 9. b4 Qc8 10. Bg5 h6 11. Bxf6 Bxf6 12. Nd5 a6 13. a4 Be6 14. b5 axb5 15.
axb5 Bxd5 16. cxd5 Ne7 17. Qc2 Nxd5 18. Nxe5 Ne3 19. fxe3 Bxe5 20. Qc4+ Kh7 21.
Rfc1 c5 22. d4 cxd4 23. exd4 Qxc4 24. Rxc4 Bf6 25. Bxb7 1-0

[Event "AUTO-MASTER-1085"]
[Site "http://www.queenalice.com/game.php?id=756061"]
[Date "2010.4.4"]
[Round "1"]
[White "dimis283"]
[Black "mauricio_sm"]
[Result "1-0"]
[WhiteElo "2147"]
[BlackElo "1995"]

1. Nf3 Nf6 2. g3 d5 3. Bg2 Bf5 4. c4 e6 5. O-O c6 6. b3 Nbd7 7. Bb2 Bc5 8. d3
O-O 9. Nbd2 a6 10. a3 Qc7 11. Rc1 Rfe8 12. Rc2 b5 13. Qa1 e5 14. cxd5 cxd5 15.
Qc1 Qd6 16. e4 Be6 17. b4 Ba7 18. Rc6 Qb8 19. Rxa6 Qb7 20. Rc6 Rac8 21. Rxc8
Rxc8 22. Qb1 Qb6 23. Nxe5 Nxe5 24. Bxe5 Ng4 25. d4 f6 26. exd5 fxe5 27. dxe6
Qxe6 28. Nf3 Bxd4 29. Ng5 Qg6 30. Bd5+ Kf8 31. Nxh7+ 1-0

[Event "AUTO-MASTER-1085"]
[Site "http://www.queenalice.com/game.php?id=756062"]
[Date "2010.4.4"]
[Round "1"]
[White "mauricio_sm"]
[Black "dimis283"]
[Result "0-1"]
[WhiteElo "1950"]
[BlackElo "2166"]

1. e4 g6 2. d4 Bg7 3. Nf3 d6 4. Bc4 Nf6 5. Nc3 O-O 6. O-O c6 7. Be3 b5 8. Bb3 b4
9. Ne2 Nxe4 10. c3 bxc3 11. Nxc3 Nxc3 12. bxc3 Ba6 13. Re1 Nd7 14. Ng5 d5 15.
Qc1 e5 16. Qa3 Bd3 17. Nf3 e4 18. Nd2 a5 19. Qd6 a4 20. Bd1 Bb5 21. Be2 Bxe2 22.
Rxe2 Ra6 23. Qa3 Re8 24. Qc1 Qb8 25. Rb1 Rb6 26. Re1 f5 27. Rxb6 Qxb6 28. Qc2
Qa7 29. Rb1 Rb8 30. Rxb8+ Nxb8 31. g3 Nd7 32. Qb2 Nb6 33. a3 Bf8 34. Bf4 Nc8 35.
Kg2 Nd6 36. h4 Nb5 37. Nb1 Qe7 38. Bg5 Qd6 39. Bf4 Qd7 40. Qc1 Qb7 41. c4 Nxd4
42. cxd5 cxd5 43. Be5 Bg7 44. Bxg7 Kxg7 45. Qg5 Nf3 46. Qc1 d4 47. Nd2 Nxd2 48.
Qxd2 e3+ 0-1

[Event "AUTO-MASTER-1085"]
[Site "http://www.queenalice.com/game.php?id=756063"]
[Date "2010.4.4"]
[Round "1"]
[White "dimis283"]
[Black "ezekiel4a21"]
[Result "1-0"]
[WhiteElo "2183"]
[BlackElo "2342"]

1. Nf3 c5 2. g3 Nf6 3. Bg2 Nc6 4. O-O d5 5. d4 e6 6. c4 dxc4 7. Qa4 cxd4 8. Nxd4
Qxd4 9. Bxc6+ Bd7 10. Rd1 Bxc6 11. Qxc6+ bxc6 12. Rxd4 e5 13. Rxc4 Kd7 14. Nc3
Nd5 15. Ne4 h6 16. Bd2 f5 17. Nc5+ Bxc5 18. Rxc5 Rhb8 19. b3 Rb5 20. Rac1 Rxc5
21. Rxc5 Kd6 22. Ra5 g5 23. Bc1 a6 24. Bb2 e4 25. Kf1 Kc7 26. Bd4 Kb7 27. Ra4
Re8 28. e3 Re6 29. Rc4 f4 30. Bc5 f3 31. Rd4 h5 32. b4 Kc7 33. a4 h4 34. b5 hxg3
35. hxg3 Rh6 36. Ke1 Rh1+ 37. Kd2 Rf1 38. Rxe4 Rxf2+ 39. Kd3 Rc2 40. Kxc2 f2 41.
bxa6 f1=Q 42. a7 Qe2+ 43. Kc1 Qe1+ 44. Kb2 Qxg3 45. a8=Q Qg2+ 46. Kc1 Qf1+ 47.
Kd2 Qf2+ 48. Kc1 Qe1+ 49. Kc2 Qc3+ 50. Kd1 Qxc5 51. Re8 Nxe3+ 52. Ke2 Nd5 53.
Qb8+ 1-0

[Event "AUTO-MASTER-1085"]
[Site "http://www.queenalice.com/game.php?id=756064"]
[Date "2010.4.4"]
[Round "1"]
[White "ezekiel4a21"]
[Black "dimis283"]
[Result "1-0"]
[WhiteElo "2331"]
[BlackElo "2137"]

1. e4 d5 2. exd5 Qxd5 3. Nc3 Qa5 4. Bc4 Nf6 5. d3 c6 6. Qe2 Nbd7 7. Bd2 e6 8.
Nf3 Qc7 9. O-O Be7 10. d4 O-O 11. Bxe6 fxe6 12. Qxe6+ Kh8 13. Qxe7 Re8 14. Qb4
Nb6 15. Rae1 Bf5 16. Qc5 Bg6 17. Ne5 Bh5 18. Nb5 Qd8 19. Nd6 Re7 20. Qa3 Nfd7
21. Nxb7 Qf8 22. Ng6+ Bxg6 23. Rxe7 1-0

[Event "AUTO-MASTER-1085"]
[Site "http://www.queenalice.com/game.php?id=756065"]
[Date "2010.4.4"]
[Round "1"]
[White "dimis283"]
[Black "BEBADO"]
[Result "1-0"]
[WhiteElo "2154"]
[BlackElo "2157"]

1. c4 Nf6 2. Nc3 e6 3. d4 c5 4. d5 exd5 5. cxd5 d6 6. e4 g6 7. Bd3 Bg7 8. Nge2
O-O 9. O-O Re8 10. Ng3 a6 11. a4 Nbd7 12. h3 Qc7 13. f4 c4 14. Bc2 Nc5 15. Qf3
Rb8 16. Kh1 b5 17. axb5 axb5 18. e5 Nfd7 19. Nce4 Nxe4 20. Nxe4 dxe5 21. d6 Qb7
22. f5 Qd5 23. Rd1 Qb7 24. Be3 gxf5 25. Qxf5 Nf8 26. Qg5 Ng6 27. Ra7 Qc6 28. d7
1-0

[Event "AUTO-MASTER-1085"]
[Site "http://www.queenalice.com/game.php?id=756066"]
[Date "2010.4.4"]
[Round "1"]
[White "BEBADO"]
[Black "dimis283"]
[Result "0-1"]
[WhiteElo "2137"]
[BlackElo "2172"]

1. e4 g6 2. d4 Bg7 3. Nc3 d6 4. Nf3 Nf6 5. Be2 O-O 6. O-O c6 7. Re1 Nbd7 8. Bg5
h6 9. Bh4 Qc7 10. Bf1 e5 11. Qd2 g5 12. Bg3 Nh5 13. dxe5 dxe5 14. h4 Nxg3 15.
fxg3 gxh4 16. Nxh4 Nf6 17. Nf5 Bxf5 18. exf5 Qb6+ 19. Kh1 Rad8 20. Qc1 Qf2 21.
Qe3 Qxf5 22. Bd3 Qh5+ 23. Kg1 Ng4 24. Qe4 Qh2+ 25. Kf1 Nf6 26. Qh4 Qxh4 27. gxh4
Rd4 28. Rxe5 Rxh4 29. Kf2 Rb4 30. Re7 Rxb2 31. Nd1 Rb4 0-1

[Event "AUTO-ELITE-579"]
[Site "http://www.queenalice.com/game.php?id=798900"]
[Date "2010.7.5"]
[Round "1"]
[White "Kant"]
[Black "dimis283"]
[Result "0-1"]
[WhiteElo "2348"]
[BlackElo "2213"]

1. d4 d5 2. c4 c6 3. Nf3 Nf6 4. Nc3 e6 5. e3 Nbd7 6. Bd3 dxc4 7. Bxc4 b5 8. Bd3
Bb7 9. O-O a6 10. b4 Bxb4 11. Bb2 c5 0-1

[Event "AUTO-ELITE-579"]
[Site "http://www.queenalice.com/game.php?id=798901"]
[Date "2010.7.5"]
[Round "1"]
[White "dimis283"]
[Black "Kant"]
[Result "1-0"]
[WhiteElo "2238"]
[BlackElo "2286"]

1. c4 e5 2. g3 Nf6 3. Bg2 c6 4. Nf3 d6 5. Nc3 Be6 6. d3 Nbd7 7. O-O Be7 8. Rb1
O-O 9. b4 a6 10. Ng5 h6 11. Nxe6 fxe6 12. b5 axb5 13. cxb5 1-0

[Event "AUTO-ELITE-579"]
[Site "http://www.queenalice.com/game.php?id=798906"]
[Date "2010.7.5"]
[Round "1"]
[White "arrabi"]
[Black "dimis283"]
[Result "0-1"]
[WhiteElo "1988"]
[BlackElo "2233"]

1. e4 d5 2. e5 Bf5 3. d4 e6 4. Bd3 Bxd3 5. Qxd3 c5 6. c3 Nc6 7. Nf3 cxd4 8. cxd4
Nge7 9. O-O Nf5 10. g4 Nh4 11. Ng5 Qb6 12. Qg3 Ng6 13. Qf3 Qc7 14. Be3 h6 15.
Nh3 Be7 16. Nc3 O-O 17. g5 hxg5 18. Qg4 Nf4 19. Nxf4 gxf4 20. Qxf4 Rfc8 21. a3
Qb6 22. Rab1 Bf8 23. Kh1 Ne7 24. Rg1 Nf5 25. Nxd5 Qc6 26. Qf3 Qxd5 0-1

[Event "AUTO-ELITE-579"]
[Site "http://www.queenalice.com/game.php?id=798907"]
[Date "2010.7.5"]
[Round "1"]
[White "dimis283"]
[Black "arrabi"]
[Result "1-0"]
[WhiteElo "2229"]
[BlackElo "1947"]

1. c4 Nf6 2. Nc3 g6 3. g3 Bg7 4. Bg2 O-O 5. d3 c6 6. e4 e5 7. Nge2 d6 8. h3 Be6
9. f4 exf4 10. Nxf4 Qb6 11. Qe2 Nfd7 12. Be3 Qa5 13. O-O Bxc3 14. bxc3 Qxc3 15.
Nxe6 fxe6 16. Qg4 Qe5 17. Bf4 Qf6 18. Kh2 h5 19. Qe2 Qe7 20. Qb2 Nf6 21. Bxd6
Qxd6 22. Rxf6 1-0

[Event "AUTO-MASTER-1048"]
[Site "http://www.queenalice.com/game.php?id=822632"]
[Date "2010.8.24"]
[Round "2"]
[White "dimis283"]
[Black "dossoman"]
[Result "1/2-1/2"]
[WhiteElo "2267"]
[BlackElo "2220"]

1. c4 e5 2. Nc3 Nf6 3. g3 d5 4. cxd5 Nxd5 5. Bg2 c6 6. Nf3 Bd6 7. O-O O-O 8. d4
Nxc3 9. bxc3 Nd7 10. e4 Qc7 11. Qb3 a5 12. Ba3 a4 13. Qb2 Re8 14. Rfe1 c5 15. d5
c4 16. Bxd6 Qxd6 17. Qb5 Qa6 18. Rab1 Qxb5 19. Rxb5 b6 20. Rb4 Ra5 21. Rxc4 Nc5
22. Rb1 Ba6 23. Rcb4 Nd7 24. Bf1 Bxf1 25. Kxf1 Rc8 26. c4 Kf8 27. Ke2 Ke7 28.
Nd2 Kd6 29. f4 f6 30. Nf3 a3 31. fxe5+ fxe5 32. Ng5 b5 33. Rxb5 Rxb5 34. Rxb5
Rxc4 35. Kd3 Rd4+ 36. Ke3 Nf6 37. Nf7+ Ke7 38. Rb7+ Kf8 39. Nd6 Ng4+ 40. Ke2 h5
41. Rf7+ Kg8 42. Ra7 Rb4 43. Rxa3 Rb2+ 44. Kd3 Rxh2 45. Ra8+ Kh7 46. Ra7 Kh8 47.
Nf5 Nf2+ 48. Ke3 Ng4+ 49. Kd3 Nf2+ 50. Ke3 Ng4+ 51. Kd3 Nf2+ 1/2-1/2

[Event "AUTO-MASTER-1048"]
[Site "http://www.queenalice.com/game.php?id=822633"]
[Date "2010.8.24"]
[Round "2"]
[White "dossoman"]
[Black "dimis283"]
[Result "0-1"]
[WhiteElo "2270"]
[BlackElo "2255"]

1. e4 d5 2. exd5 Qxd5 3. Nc3 Qa5 4. Bc4 c6 5. Nf3 Nf6 6. O-O Bg4 7. d4 e6 8. Re1
Be7 9. h3 Bh5 10. g4 Bg6 11. Ne5 Nbd7 12. h4 O-O-O 13. Nxd7 Rxd7 14. h5 Qb4 15.
hxg6 Qxc4 16. Qe2 Qxe2 17. Nxe2 hxg6 18. f3 Rdd8 19. c3 Rh3 20. Kg2 Rdh8 21. Bf4
Kd7 22. Bg3 Bd6 23. Rh1 Rxh1 24. Rxh1 Rxh1 25. Kxh1 Bxg3 26. Nxg3 Nd5 27. Ne2
Kd6 28. f4 c5 29. dxc5+ Kxc5 30. b3 b5 31. Kg2 b4 32. c4 Nc3 33. Nc1 a5 34. Kf3
Kd4 35. g5 f6 36. Kg4 Ke3 37. c5 Kd2 0-1

[Event "AUTO-ELITE-579"]
[Site "http://www.queenalice.com/game.php?id=863239"]
[Date "2010.11.24"]
[Round "2"]
[White "dimis283"]
[Black "Bruscato"]
[Result "1/2-1/2"]
[WhiteElo "2274"]
[BlackElo "2286"]

1. e4 e6 2. d4 d5 3. Nc3 dxe4 4. Nxe4 Nf6 5. Nxf6+ gxf6 6. Nf3 Rg8 7. Be3 Nd7 8.
Qd2 f5 9. O-O-O c6 10. Kb1 Nf6 11. c4 Bd6 12. g3 Bd7 13. Bd3 Qe7 14. Bf4 O-O-O
15. Rhe1 Bb4 16. Qc2 Bxe1 17. Rxe1 Nh5 18. Bd2 Qf8 19. a3 c5 20. d5 Kb8 21. Ne5
Be8 22. Ba5 Rc8 23. Nf3 Bd7 24. Bc3 1/2-1/2

[Event "AUTO-ELITE-579"]
[Site "http://www.queenalice.com/game.php?id=863240"]
[Date "2010.11.24"]
[Round "2"]
[White "Bruscato"]
[Black "dimis283"]
[Result "0-1"]
[WhiteElo "2286"]
[BlackElo "2274"]

1. e4 e6 2. Nf3 c5 3. Nc3 d6 4. d4 cxd4 5. Nxd4 Nf6 6. Be3 Be7 7. f4 O-O 8. Bd3
Nc6 9. Nxc6 bxc6 10. O-O Qc7 11. Qf3 Rb8 12. Rab1 Nd7 13. Kh1 a5 14. Qg3 Nf6 15.
e5 Nd5 16. Nxd5 cxd5 17. f5 f6 18. fxe6 dxe5 19. Bf5 Bd6 20. Qh3 g6 21. Qg4 Kh8
22. Bxg6 hxg6 23. Qxg6 Qh7 0-1

[Event "AUTO-MASTER-1085"]
[Site "http://www.queenalice.com/game.php?id=883407"]
[Date "2011.1.9"]
[Round "2"]
[White "dimis283"]
[Black "ezekiel4a21"]
[Result "1-0"]
[WhiteElo "2286"]
[BlackElo "2075"]

1. g3 d5 2. Bg2 c6 3. f4 Nf6 4. Nf3 Bg4 5. d3 g6 6. O-O Bg7 7. Qe1 Qc8 8. e4 O-O
9. e5 Ne8 10. c4 Bh3 11. Nc3 Bxg2 12. Kxg2 Qf5 13. Qe3 Nc7 14. cxd5 1-0

[Event "AUTO-MASTER-1085"]
[Site "http://www.queenalice.com/game.php?id=883408"]
[Date "2011.1.9"]
[Round "2"]
[White "ezekiel4a21"]
[Black "dimis283"]
[Result "0-1"]
[WhiteElo "2075"]
[BlackElo "2274"]

1. e4 e6 2. d4 d5 3. Nc3 Nf6 4. e5 Nfd7 5. Qh5 c5 6. Bg5 Qb6 7. O-O-O cxd4 8.
Nb5 Nc6 9. Nf3 Ndxe5 10. Nfxd4 Nxd4 11. Nxd4 Bc5 12. Be3 Nc6 13. Bb5 O-O 14.
Bxc6 bxc6 15. c3 Rb8 16. Rd2 f6 17. f4 e5 18. fxe5 g6 19. Qh6 fxe5 20. h4 Bxd4
21. cxd4 Qa6 22. a3 Rf1+ 23. Rd1 Qc4+ 24. Kb1 Bf5+ 25. Ka1 Qc2 0-1